00592nam a2200205 a 4500001001300000003000900013005001700022008004100039020001000080082001800090100003000108245006400138260004100202300000900243500003500252505001700287650002300304650002900327700003000356nice12345678IN_TiNIC20260116011533.0050524s1996 hara grp 000 0 urd  ac10000a297.409bFAR4 aFaruqi, Mohd Akbar Husain aTazkira Maulana Ahmed Allah Shah Shaheedb Masar-E-Dilawari aHardoi-U PbKutub Khana Faruqic1996 a292p aincludes index and biblioraphy2 aBibliography aSufism-Hagiography aAhmad Allah Shah Shaheed1 aFaruqi, Mohd Akbar Husain